Vista normal
Vista MARC
Entrada Materia (personas)
Número de registros utilizados en: 1
001 - CONTROL NUMBER
- control field: 53153
003 - CONTROL NUMBER IDENTIFIER
- control field: Co-BoUCM
005 - DATE AND TIME OF LATEST TRANSACTION
- control field: 20131217082833.0
008 - FIXED-LENGTH DATA ELEMENTS
- fixed length control field: 131217|| aca||aabn | a|a d
040 ## - CATALOGING SOURCE
- Original cataloging agency: Co-BoUCM
- Transcribing agency: Co-BoUCM
100 ## - HEADING--PERSONAL NAME
- Personal name: Dignard, Martin
- Relator term: director
670 ## - SOURCE DATA FOUND
- Source citation: Work cat.: (Co-BoUCM)43003: Great North, 2001